000 00480nam a2200169Ia 4500
008 230917s9999||||xx |||||||||||||| ||und||
020 _cRS 475.00
040 _e5003438
_aMAIN
041 _aEnglish
082 _a332.4954 A15D
100 _aAgarwala, Ramgopal
245 0 _aDemonetisation: A means to an end?
260 _aNew Delhi
_bSage Publications
_c2017
300 _axxiii, 191 p.
500 _a3937 03/01/2020 HBD20/8219 05/02/2020 IMSAR (Dev. & Research)
942 _cBK
999 _c1190
_d1190